Wonders of the world : masterpieces of architecture from 4000 bc to the present
| Other Authors: | |
|---|---|
| Format: | Book |
| Published: |
Italy :
White Star ,
2004
|
| Subjects: |
MARC
| LEADER | 00000cam a2200000 7i4500 | ||
|---|---|---|---|
| 001 | 0000028453 | ||
| 005 | 20111229.0 | ||
| 008 | 091208 | ||
| 020 | |a 8854400319 | ||
| 090 | 0 | 0 | |a 722 |b WON |
| 245 | 1 | 0 | |a Wonders of the world : |b masterpieces of architecture from 4000 bc to the present |c edited by Alessandra Capodiferro |
| 260 | |a Italy : |b White Star , |c 2004 | ||
| 650 | 0 | |a Curiosities and wonders | |
| 650 | 0 | |a Seven wonders of the world | |
| 700 | 1 | |a Capodiferro, | |
| 999 | |a 0001061430 |b Book |c REFERENCE |e Perbadanan Perpustakaan Awam Johor | ||